| 000 | 01366pam a2200373 a 4500 | ||
|---|---|---|---|
| 001 | 3486767 | ||
| 003 | OSt | ||
| 005 | 20251203123430.0 | ||
| 008 | 940512s1995 miua b 001 0 eng | ||
| 010 | _a 94018276 | ||
| 020 |
_a0310484707 _qacid-free paper |
||
| 020 | _z9780310571445 (epub) | ||
| 020 |
_a9780310484707 _q(acid-free paper) |
||
| 035 | _a3486767 | ||
| 040 |
_aDLC _cDLC _dDLC |
||
| 050 | 0 | 0 |
_aBS2685.3 _b.M34 1995 |
| 082 | 0 | 0 |
_a227/.407 _220 |
| 100 | 1 | _aMcKnight, Scot. | |
| 245 | 1 | 0 |
_aGalatians : _bfrom Biblical text-- to contemporary life / _cScot McKnight. |
| 260 |
_aGrand Rapids, Mich. : _bZondervan, _cc1995. |
||
| 300 |
_a320 p. : _bill. ; _c24 cm. |
||
| 336 |
_atext _btxt _2rdacontent |
||
| 337 |
_aunmediated _bn _2rdamedia |
||
| 338 |
_avolume _bnc _2rdacarrier |
||
| 440 | 4 | _aThe NIV application commentary | |
| 504 | _aIncludes bibliographical references and index. | ||
| 630 | 0 | 0 |
_aBible. _pGalatians _xCommentaries. |
| 730 | 0 | 2 |
_aBible. _pGalatians. _lEnglish. _sNew International. _f1995. |
| 856 | 4 | 2 |
_3Publisher description _uhttp://www.loc.gov/catdir/enhancements/fy0633/94018276-d.html |
| 906 |
_a7 _bcbc _corignew _d1 _eocip _f19 _gy-gencatlg |
||
| 942 |
_2lcc _cBK |
||
| 999 |
_c20882 _d20881 |
||